000 00673nam a22001817a 4500
999 _c18012
_d18012
003 OSt
005 20230324140946.0
008 230324b ||||| |||| 00| 0 eng d
040 _c0
082 _aDPer 570 J826 2021 v55 no. 1-5
100 _aBrackenbury, William J.
_eauthor.
_948168
245 _aRelationship between lecture capture usage and examination performance of undergraduate bioscience students /
_cWilliam J. Brackenbury
260 _aUnited Kingdom,
_bTaylor & Francis Group,
_cSeptember 2021.
300 _avolume 55, pages 429-439, illustration.
650 _aTeaching.
_948169
700 _aBrackenbury, William J.
_eauthor.
_948168
942 _2ddc
_cPER